Famous British People #1 - Statistics

General Stats
  • This quiz has been taken 181 times
    130 since last reset
  • The average score is 11 of 15
Answer Stats
Hint Answer % Correct
_ _ _ _ _ Beckham David
97%
_ _ _ _ _ Styles Harry
92%
_ _ _ _ _ _ Radcliffe Daniel
91%
_ _ _ _ Watson Emma
90%
_ _ _ _ _ _ _ _ Beckham Victoria
90%
_ _ _ _ _ Corden James
89%
_ _ _ _ _ _ Bonham-Carter Helena
84%
_ _ _ _ Moss Kate
84%
_ _ _ _ Law Jude
78%
_ _ _ _ _ Knightly Keira
78%
_ _ _ _ _ _ Grint Rupert
74%
_ _ _ _ _ _ _ Brand Russell
60%
_ _ _ _ Allen Lily
56%
_ _ _ _ _ Adele
26%
_ _ _ _ _ _ _ Cooper Dominic
11%
No matching quizzes found
Score Distribution
Percent of People with Each Score
Percentile by Number Answered
Your Score History
You have not taken this quiz since the last reset